<?xml version="1.0" encoding="UTF-8"?>
<record
    xmlns:xsi="http://www.w3.org/2001/XMLSchema-instance"
    xsi:schemaLocation="http://www.loc.gov/MARC21/slim http://www.loc.gov/standards/marcxml/schema/MARC21slim.xsd"
    xmlns="http://www.loc.gov/MARC21/slim">

  <leader>04137cam a2200169   4500500</leader>
  <controlfield tag="005">20260517000340.0</controlfield>
  <datafield tag="041" ind1=" " ind2=" ">
    <subfield code="a">fre</subfield>
  </datafield>
  <datafield tag="042" ind1=" " ind2=" ">
    <subfield code="a">dc</subfield>
  </datafield>
  <datafield tag="100" ind1="1" ind2="0">
    <subfield code="a">Coppieters, Yves</subfield>
    <subfield code="e">author</subfield>
  </datafield>
  <datafield tag="245" ind1="0" ind2="0">
    <subfield code="a">L&#x2019;&#xE9;thique dans les structures m&#xE9;dico-sociales. Identification, questionnement, r&#xE9;solution, Sandrine Biagini-Girard, Jean-Michel Boles, Montpellier (France)?: &#xC9;ditions Sauramps M&#xE9;dical, Collection Les Carnets de l&#x2019;Espace &#xC9;thique de Bretagne Occidentale n&#xB0;&#xA0;4?; 2014. 191&#xA0;p.</subfield>
  </datafield>
  <datafield tag="260" ind1=" " ind2=" ">
    <subfield code="c">2014.
							</subfield>
  </datafield>
  <datafield tag="500" ind1=" " ind2=" ">
    <subfield code="a">62</subfield>
  </datafield>
  <datafield tag="520" ind1=" " ind2=" ">
    <subfield code="a">Pour se diriger vers la couverture universelle en soins de sant&#xE9;, les pays africains doivent trouver des modalit&#xE9;s de financement efficaces, &#xE9;quitables et adapt&#xE9;es aux contextes nationaux. Pour soutenir les d&#xE9;cideurs du Burkina Faso, nous pr&#xE9;sentons une synth&#xE8;se des recherches sur des interventions qui concernent le paiement direct, le pr&#xE9;paiement et les subventions du paiement.Une synth&#xE8;se narrative des articles publi&#xE9;s dans des revues scientifiques entre 1980 et 2012 est entreprise. Au total, 64&#xA0;articles sont retenus. Une analyse th&#xE9;matique est effectu&#xE9;e.Le paiement direct est une barri&#xE8;re &#xE0; l&#x2019;acc&#xE8;s aux soins, r&#xE9;duit le recours aux centres de sant&#xE9; et exclut les indigents. Les populations pr&#xE9;f&#xE8;rent un pr&#xE9;paiement avec une cotisation annuelle par m&#xE9;nage. La prime assurantielle demeure une barri&#xE8;re &#xE0; l&#x2019;adh&#xE9;sion. L&#x2019;assurance ne b&#xE9;n&#xE9;ficie pas aux pauvres mais am&#xE9;liore le recours aux services de sant&#xE9; pour les assur&#xE9;s. La subvention pour les accouchements n&#x2019;est pas suffisamment bien planifi&#xE9;e et des difficult&#xE9;s de mise en &#x153;uvre sont constat&#xE9;es. Elle permet de r&#xE9;duire les d&#xE9;penses et contribue &#xE0; am&#xE9;liorer l&#x2019;acc&#xE8;s aux soins sans r&#xE9;duire les in&#xE9;galit&#xE9;s. L&#x2019;approche communautaire et participative est une m&#xE9;thode pertinente pour identifier les indigents devant b&#xE9;n&#xE9;ficier de l&#x2019;exemption du paiement.Si le pr&#xE9;paiement est internationalement encourag&#xE9; comme mode de financement pour la couverture universelle en sant&#xE9;, les donn&#xE9;es probantes au Burkina Faso sont encore tr&#xE8;s limit&#xE9;es &#xE0; cet &#xE9;gard. Des &#xE9;tudes plus repr&#xE9;sentatives du contexte national sont n&#xE9;cessaires &#xE0; ce sujet tout en continuant de rechercher des solutions pour les indigents qui ne pourront pas payer.</subfield>
  </datafield>
  <datafield tag="520" ind1=" " ind2=" ">
    <subfield code="a">Health system revenue collection in Burkina Faso from 1980 to 2012As a step towards universal health coverage, African countries need to develop funding systems that are effective, equitable, and tailored to national circumstances. To support policy makers in Burkina Faso, we present a review of research on interventions related to user fees, prepayment plans, and user fee subsidies.We compiled a narrative summary of articles published in scientific journals between 1980 and 2012. In all, 64 articles were selected. A thematic analysis was performed.User fees are a barrier to access to care; they curtail the use of health services and exclude the worst-off. People prefer prepayment plans in which each household pays an annual premium. However, the insurance premium remains a barrier to membership. Insurance does not benefit the poor but increases the use of health services by the insured. The subsidy for facility-based deliveries was not sufficiently well planned and difficulties have been observed in its implementation. While it helps reduce costs and improves access to care, it has not reduced inequalities. Community-based and participatory interventions have been useful for identifying the worst-off in order to exempt them from user fees.While prepayment is being promoted internationally as a financing model for universal health coverage, the evidence in favour of this system in Burkina Faso is still very limited. Further studies, more representative of the national context, must be conducted on this option, while at the same time, continuing efforts must be made to identify solutions for the poor who are unable to pay.</subfield>
  </datafield>
  <datafield tag="786" ind1="0" ind2=" ">
    <subfield code="n">Sant&#xE9; Publique | 26 | 5 | 2014-11-24 | p. 727p-736p | 0995-3914</subfield>
  </datafield>
  <datafield tag="856" ind1="4" ind2="1">
    <subfield code="u">https://stm.cairn.info/revue-sante-publique-2014-5-page-727p?lang=fr&amp;redirect-ssocas=7080</subfield>
  </datafield>
  <datafield tag="999" ind1=" " ind2=" ">
    <subfield code="c">2231497</subfield>
    <subfield code="d">2231497</subfield>
  </datafield>
</record>
